Estadísticas de la Educación 2012

Shranjeno v:
Bibliografske podrobnosti
Korporativna značnica: Ministerio de Educación (Author)
Format: Knjiga
Jezik:španščina
Izdano: Santiago Ministerio de Educación 2012
Izdaja:1a. ed
Teme:
Oznake: Označite
Brez oznak, prvi označite!

MARC

LEADER 00000cam a2200000 a 4500
001 UCE4774
003 CL-VaPUC
008 141113e20120000cl |||||||||||||||||spa|d
020 |a 9789562924511 
082 0 4 |a 379.983  |b MIN  |2 21 
110 2 |a Ministerio de Educación  |e author  |9 577263 
245 1 0 |a Estadísticas de la Educación 2012 
250 |a 1a. ed 
300 |a 158 p 
942 |c BK 
945 |d 20141113 14:00:00  |a dcastane 
260 |a Santiago  |b Ministerio de Educación  |c 2012 
650 0 |a Estadísticas educacionales  |9 331921 
650 0 |a Educación básica   |9 224933 
650 0 |a Educación superior   |9 223851 
583 |a last modification  |c 20141113 14:00:00  |k Rodrigo Vera 
999 |c 357654  |d 357652 
952 |0 0  |1 0  |3 erb  |4 0  |6 379_983000000000000_MIN_2012  |7 0  |8 A  |9 465682  |a BIBEDU  |b BIBEDU  |i 5122856  |o 379.983 MIN 2012  |p 5122856  |r 2019-11-23  |w 2019-11-23  |y BK  |z Catalogado en:20141113  |k EDU 
952 |0 0  |1 0  |3 erb  |4 0  |6 379_983000000000000_MIN_2012  |7 0  |8 A  |9 465683  |a BIBEDU  |b BIBEDU  |i 5122864  |o 379.983 MIN 2012  |p 5122864  |r 2019-11-23  |w 2019-11-23  |y BK  |z Catalogado en:20141113  |k EDU